La discographie de Katseye - Statistiques

Statistiques générales
  • Ce quiz a été pris 88 fois
    7 depuis la dernière actualisation
  • Le résultat moyen est 12 sur 15
Statistiques - réponses
Réponse % Correct
Debut
100%
I'm Pretty
100%
My Way
100%
Tonight I Might
100%
Touch
100%
Flame
86%
Gabriela
86%
Gnarly
86%
Mean Girls
86%
M.I.A
86%
Gameboy
71%
Internet Girl
71%
Pinky Up
71%
Time Lapse
57%
Monster High Fright Song
43%
Aucun quiz correspondant
Distribution des résultats
% des personnes avec chaque résultat
Percentile par nombre de réponses
Votre historique - résultats
Vous n’avez pas pris ce quiz depuis la dernière actualisation